प्रतिनिधि मणिपुरी कहानियाँ / (Record no. 117038)

MARC details
000 -LEADER
fixed length control field 01257nam a22002657a 4500
005 - DATE AND TIME OF LATEST TRANSACTION
control field 20170124103048.0
010 ## - LIBRARY OF CONGRESS CONTROL NUMBER
LC control number A-707963
020 ## - INTERNATIONAL STANDARD BOOK NUMBER
Terms of availability 70.00
International Standard Book Number 8171191886
035 ## - SYSTEM CONTROL NUMBER
System control number A-707963
037 ## - SOURCE OF ACQUISITION
Source of stock number/acquisition Cen Lib/Ret
040 ## - CATALOGING SOURCE
Original cataloging agency DPL
Language of cataloging HN
082 ## - DEWEY DECIMAL CLASSIFICATION NUMBER
Classification number
Item number प्रतिनि
245 ## - TITLE STATEMENT
Title प्रतिनिधि मणिपुरी कहानियाँ /
Statement of responsibility, etc संपादक देवराज;अनुवादक इबोहल सिंह काडजम
246 ## - VARYING FORM OF TITLE
Title proper/short title Pratinidhi manipuri kahaniyan /
Remainder of title sampadak Devraj;anuvadak Ibohal Singh Kanjam
260 ## - PUBLICATION, DISTRIBUTION, ETC. (IMPRINT)
Place of publication, distribution, etc नई दिल्ली
Name of publisher, distributor, etc राधाकृष्ण प्रकाशन
Date of publication, distribution, etc 1994
270 ## - ADDRESS
Address 2/38, अंसारी रोड, दरियागंज
City नई दिल्ली
Postal code 110032
300 ## - PHYSICAL DESCRIPTION
Extent 206पृ.
Dimensions 17सेमी (सजिल्द)
650 ## - SUBJECT ADDED ENTRY--TOPICAL TERM
Topical term or geographic name as entry element हिन्दी साहित्य
9 (RLIN) 69704
650 ## - SUBJECT ADDED ENTRY--TOPICAL TERM
Topical term or geographic name as entry element हिन्दी साहित्य -- कहानियाँ
9 (RLIN) 69705
650 ## - SUBJECT ADDED ENTRY--TOPICAL TERM
Topical term or geographic name as entry element Hindi literature
9 (RLIN) 69706
650 ## - SUBJECT ADDED ENTRY--TOPICAL TERM
Topical term or geographic name as entry element Hindi literature -Stories
9 (RLIN) 69707
700 ## - ADDED ENTRY--PERSONAL NAME
Personal name देवराज
9 (RLIN) 500
700 ## - ADDED ENTRY--PERSONAL NAME
Personal name काडजम, इबोहल सिंह
9 (RLIN) 4285
942 ## - ADDED ENTRY ELEMENTS (KOHA)
Source of classification or shelving scheme Dewey Decimal Classification
Koha item type Hindi Books
Classification part
Call number suffix प्रतिनि
Holdings
Withdrawn status Lost status Damaged status Not for loan Home library Current library Date acquired Source of acquisition Cost, normal purchase price Total Checkouts Full call number Barcode Date last seen Copy number Cost, replacement price Price effective from Koha item type Public note
Written off       Central Library Central Library 26/08/2015 Cen Lib/Ret 70.00   क प्रतिनि A-707963 26/08/2015 1 70.00 26/08/2015 Hindi Books Written off on approval by DLB (By Circulation); dtd 20.12.2022

© Delhi Public Library
Hit Counter
free hit counter